00337 a2200121 450000100060000010000170000624500250002326000260004809000150007494200230008999900190011295200840013111131 aS. H. Askari aIndian Recors Series abNehonal Aarchivesc c8685d8685 aNUST-CAEcMc35472 c246204d246204 001040708NFICaCAEbCAEd2017-04-03l0pCAE49874r2017-04-05w2017-04-05yBK